| 000 | 00895nam a22002417a 4500 | ||
|---|---|---|---|
| 005 | 20260527162052.0 | ||
| 008 | 260527s2011 xxk|||||o|||| 00| 0 eng d | ||
| 041 | _aeng | ||
| 110 | _aRoyal Institution of Chartered Surveyors | ||
| 245 |
_aGlobal sustainability in practice _b- flood risk mitigation and adaptation measures |
||
| 260 |
_aLondon, _bRoyal Institution of Chartered Surveyors, _cOctober 2011 |
||
| 300 | _a39p. | ||
| 520 | _aThis paper provides an overview of flooding and flood risk to communities and properties and explores what services surveyors can offer in response to mitigating this risk. | ||
| 650 | _aDRAINAGE | ||
| 650 | _aFLOOD DEFENCES | ||
| 650 | _aFLOODING | ||
| 650 | _aFLOOD MITIGATION | ||
| 651 | _aInternational | ||
| 690 |
_aEnvironment _96238 |
||
| 700 | _aTracey-White, John | ||
| 710 | _aRoyal Institution of Chartered Surveyors | ||
| 942 | _n0 | ||
| 999 |
_c122355 _d122355 |
||